000 00314nam a2200133Ia 4500
008 220204s9999 xx 000 0 und d
082 _a025.3
_bSIN
100 _aPrasad, H N
245 0 _aCataloguing manual AACR II
260 _aDelhi
_bB R
_c1985
650 _aCataloguing
700 _aSingh, S N
942 _cBK
999 _c39953
_d39953